Logo BPK

Bibliografia Prac Pracowników

Politechniki Koszalińskiej

Kawalerowie Virtuti Militari 1792-1945. (Rekord nr 10272)

Szczegóły MARC
000 -ETYKIETA REKORDU
podpole kontrolne o stałej długości 01369nam a2200289 i 4500
001 - NUMER KONTROLNY REKORDU
podpole kontrolne 10272
003 - IDENTYFIKATOR NUMERU KONTROLNEGO REKORDU
podpole kontrolne KOSZ 005
005 - DATA OSTATNIEJ MODYFIKACJI REKORDU
podpole kontrolne 20180419095558.0
008 - POLE O STAŁEJ DŁUGOŚCI - DANE KONTROLNE
podpole kontrolne o stałej długości 991124s1997 pl a g f 000 0 pol
015 ## - NUMER BIBLIOGRAFII NARODOWEJ
Numer bibliografii narodowej PB 2000/9472
020 ## - MIĘDZYNARODOWY ZNORMALIZOWANY NUMER KSIĄŻKI - ISBN
ISBN 8386123389
040 ## - ŹRÓDŁO KATALOGOWANIA
Instytucja, która sporządziła opis WA N
Instytucja, która utworzyła rekord WA N
Instytucja, która dokonała modyfikacji KOSZ 005/EG
080 ## - UNIWERSALNA KLASYFIKACJA DZIESIĘTNA - UKD
UKD 94(438).082.1
080 ## - UNIWERSALNA KLASYFIKACJA DZIESIĘTNA - UKD
UKD 355.33/.34
080 ## - UNIWERSALNA KLASYFIKACJA DZIESIĘTNA - UKD
UKD 929.71
080 ## - UNIWERSALNA KLASYFIKACJA DZIESIĘTNA - UKD
UKD 929-052
100 1# - NAZWA OSOBOWA
Nazwa osobowa POLAK, Bogusław.
Instytucja Politechnika Koszalińska - Instytut Zarządzania i Marketingu,
Wydział Katedra Historii i Stosunków Międzynarodowych
Lata pracy 1996 - 1999.
245 10 - TYTUŁ/ODPOWIEDZIALNOŚĆ
Tytuł Kawalerowie Virtuti Militari 1792-1945.
Oznaczenie części/sekcji dzieła T. 3,
Tytuł części/sekcji dzieła (1939).
Oznaczenie części/sekcji dzieła Cz. 1 /
Pozostałe elementy strefy tytułu i oznaczenia odpowiedzialności Piotr Bauer, Grzegorz Łukomski, Walter Pater, Tadeusz Piecuch, Bogusław Polak, Marek Rezler, Eligiusz Tomkowiak, Zbigniew Wojciechowski.
260 ## - STREFA ADRESU WYDAWNICZEGO
Miejsce wydania Koszalin :
Nazwa wydawcy/dystrybutora Wydaw. Uczelniane Politechniki Koszalińskiej,
Data publikacji, dystrybucji/powstania dokumentu 1997.
300 ## - STREFA OPISU FIZYCZNEGO
Objętość 174 strony :
Inne cechy fizyczne ilustracje ;
Rozmiary 24 cm.
504 ## - UWAGA DOTYCZACA BIBLIOGRAFII
Informacje o bibliografii Bibliografia na stronie 11.
650 #0 - HASŁO PRZEDMIOTOWE W FORMIE NAZWY OGÓLNEJ LUB JEDNOSTKOWEJ
Nazwa ogólna lub geograficzna Wojsko.
650 #0 - HASŁO PRZEDMIOTOWE W FORMIE NAZWY OGÓLNEJ LUB JEDNOSTKOWEJ
Nazwa ogólna lub geograficzna Order Wojenny Virtuti Militari.
700 1# - HASŁO DODATKOWE - NAZWA OSOBOWA
Nazwa osobowa PIECUCH, Tadeusz.
Instytucja Wyższa Szkoła Inżynierska w Koszalinie - Wydział Inżynierii Lądowej i Sanitarnej,
Wydział Zakład Technologii Ścieków i Utylizacji Odpadów Przemysłowych
Lata pracy 1987 - 1996.
856 #4 - LOKALIZACJA I DOSTĘP DO ELEKTRONICZNYCH DOKUMENTÓW ZDALNYCH
Link (URL) http://koha.tu.koszalin.pl/cgi-bin/koha/opac-detail.pl?biblionumber=31884
Tekst linku Katalog online BPK
942 ## - HASŁO DODATKOWE - ELEMENTY(KOHA)
Schemat klasyfikacji Uniwersalna klasyfikacja dziesiętna
Typ dokumentu Książka

Brak dostępnych egzemplarzy.

© 2014 Biblioteka Politechniki Koszalińskiej :: BIBLIOGRAFIA PRAC PRACOWNIKÓW